Accidental Geography Quiz Stats

Quiz Updated Nov 22, 2011

Challenge
Share
Tweet
Embed
Score 0/30 Timer 05:00
0 Plays Today
Rank Country % Correct
2Egypt
78.5%
23South Africa
77.7%
5Iraq
65.4%
6Niger
65.1%
10Iran
65.1%
28Nigeria
63.2%
3Libya
60.8%
13Sudan
60.4%
16Kenya
60%
18Chad
57%
12Ethiopia
54.1%
29Democratic Republic of the Congo
50.4%
4Afghanistan
49.5%
15Tunisia
45.5%
18Tanzania
43%
Rank Country % Correct
25Syria
40.5%
6Angola
40.1%
29Central African Republic
39.9%
13Mozambique
38.7%
22Madagascar
37.4%
25Liberia
37.3%
20Jordan
36.6%
21Botswana
36.4%
1Eritrea
35.6%
27Senegal
34.2%
11Mauritania
30.3%
8United Arab Emirates
30.1%
9The Gambia
28.5%
16Guinea-Bissau
25.1%
24São Tomé and Príncipe
9.6%

You're not logged in!

Compare scores with friends on all Sporcle quizzes.
Sign Up with Email
OR
Log In

You Might Also Like...

Show Comments

Extras

Top Quizzes Today


Score Distribution

Your Account Isn't Verified!

In order to create a playlist on Sporcle, you need to verify the email address you used during registration. Go to your Sporcle Settings to finish the process.